000 01631nam a2200337Ia 4500
001 ebr10135734
003 CaPaEBR
006 m u
007 cr cn|||||||||
008 031126s2004 nyua sb 001 0 eng d
010 _z 2003068903
020 _z1403982791
020 _z1403963290
020 _z1403963347 (pbk.)
040 _aCaPaEBR
_cCaPaEBR
035 _a(OCoLC)560191446
050 1 4 _aPN1998.3.O83
_bR84 2004eb
082 0 4 _a791.43/34023/092
_222
100 1 _aRuh, Brian.
245 1 0 _aStray dog of anime
_h[electronic resource] :
_bthe films of Mamoru Oshii /
_cBrian Ruh.
260 _aNew York :
_bPalgrave Macmillan,
_c2004.
300 _ax, 230 p., [16] p. of col. plates :
_bill.
504 _aIncludes bibliographical references and index.
505 0 _aCh. 1. An introduction to Oshii -- Ch. 2. Urusei Yatsura (1981-84) -- Ch. 3. Angel's egg (1985) -- Ch. 4. Twilight Q 2 : labyrinth objects file 538 (1987) -- Ch. 5. Mobile police patlabor (1988-93) -- Ch. 6. Ghost in the shell (1995) -- Ch. 7. Jin-roh (2000) and Blood the last vampire (2000) -- Ch. 8. A alon (2000) -- Ch. 9. Conclusion -- Mamoru Oshii filmography.
533 _aElectronic reproduction.
_bPalo Alto, Calif. :
_cebrary,
_d2009.
_nAvailable via World Wide Web.
_nAccess may be limited to ebrary affiliated libraries.
600 1 0 _aOshii, Mamoru
_xCriticism and interpretation.
650 0 _aAnimated films
_zJapan.
655 7 _aElectronic books.
_2local
710 2 _aebrary, Inc.
856 4 0 _uhttp://site.ebrary.com/lib/rucke/Doc?id=10135734
_zAn electronic book accessible through the World Wide Web; click to view
999 _c87025
_d87025